| 000 | 00908nam a22003017a 4500 | ||
|---|---|---|---|
| 003 | BPGM | ||
| 005 | 20260704201338.0 | ||
| 008 | 260704e2013 mx a|||ar|||| 00| 0 spa d | ||
| 020 | _a978-607-8326-39-6 | ||
| 040 | _bspa | ||
| 041 |
_aspa _hspa |
||
| 082 | 0 | 4 |
_21a. _aI / 398.2 / _bJ91m |
| 245 | _aJUAN Y LOS FRIJOLES MÁGICOS | ||
| 250 |
_a1a. _b2013 |
||
| 260 |
_aMéxico _bKAMKIO _c2013 |
||
| 300 |
_a18 Paginas _c16.5 cm. x 21.5 cm |
||
| 336 |
_2rdacontent _atexto _btxt |
||
| 337 |
_2rdamedia _asin mediación _bn |
||
| 338 |
_2rdacarrier _avolumen _bnc |
||
| 490 | 0 |
_amis cuentitos interactivos _vV1 |
|
| 505 | _acuentos de hadas | ||
| 505 | _acuentos populares ingleses---adaptaciones | ||
| 505 | _alibros de juguetes y móviles---literatura infantil | ||
| 650 | _2CIENCIAS SOCIALES | ||
| 650 | _2COSTUMBRES. ETIQUETA. FOLCLOR | ||
| 650 | _2FOLCLOR | ||
| 942 |
_2ddc _cBKN |
||
| 999 |
_c68762 _d68762 |
||